[Event "Cto de Aragon por Equipos – Preferente Grupo I"]
[Site ""]
[Date "2022.02.19"]
[Round "4.49"]
[White "Sanjuan Segura, Ignacio"]
[Black "Muro Guerrero, Miguel"]
[Result "1/2-1/2"]
[WhiteElo "1681"]
[BlackElo "1906"]
[PlyCount "0"]
[WhiteTeam "Palacio De Pioneros D"]
[BlackTeam "Dr. Azua"]
[EventDate "2022.01.29"]

1. e4 e5 2. Nf3 Nc6 3. d4 exd4 4. Nxd4 Nf6 5. Nxc6 bxc6 6. e5 Qe7 7. Qe2 Nd5 8.
c4 Ba6 9. b3 g5 10. Ba3 Nb4 11. Bb2 Bg7 12. a3 Nd5 13. Qe4 Nf4 14. h4 Ng6 15.
hxg5 Qxg5 16. Nd2 O-O-O 17. Nf3 Qe7 18. O-O-O f6 19. Re1 fxe5 20. Qe3 1/2-1/2

[Event "Cto de Aragon por Equipos – Preferente Grupo I"]
[Site ""]
[Date "2022.02.19"]
[Round "4.50"]
[White "Garcia Garcia, Enrique"]
[Black "Campana Valencia, Lidia"]
[Result "1-0"]
[WhiteElo "1788"]
[BlackElo "1560"]
[PlyCount "0"]
[WhiteTeam "Dr. Azua"]
[BlackTeam "Palacio De Pioneros D"]
[EventDate "2022.01.29"]

1. d4 d5 2. Nf3 c5 3. e3 cxd4 4. exd4 Nf6 5. Bd3 Bg4 6. O-O Nc6 7. c3 e6 8. Bg5
h6 9. Bh4 Be7 10. Nbd2 O-O 11. Re1 Rb8 12. a4 a6 13. h3 Bh5 14. g4 Bg6 15. Bxg6
fxg6 16. Rxe6 Qd7 17. Re3 g5 18. Bg3 Bd6 19. Ne5 Qc7 20. Qb3 b5 21. Nxc6 Qxc6
22. Bxd6 Qxd6 23. a5 Kh8 24. Re5 Rfc8 25. Rae1 b4 26. cxb4 Rxb4 27. Qa3 Qb8 28.
Qd3 Rxb2 29. Nf1 Rb5 30. Ng3 Rc7 31. Qg6 Qf8 32. Re8 Nxe8 33. Rxe8 Qxe8 34.
Qxe8+ Kh7 35. Nf5 Rxa5 36. Qd8 Ra1+ 37. Kg2 Rac1 38. Qxd5 Ra7 39. Qe4 Rcc7 40.
Ne7+ Kh8 41. Ng6+ Kh7 42. Nf8+ Kg8 43. Ne6 Re7 44. d5 a5 45. d6 Red7 46. Qc6 a4
47. Nc5 a3 48. Nxd7 a2 49. Nf6+ gxf6 50. d7 Rxd7 51. Qc4+ Kf8 52. Qxa2 Ke7 53.
Qg8 h5 54. Qh7+ Ke6 55. Qf5+ Ke7 56. gxh5 Rd4 57. Qc5+ 1-0

[Event "Cto de Aragon por Equipos – Preferente Grupo I"]
[Site ""]
[Date "2022.02.19"]
[Round "4.52"]
[White "Abenia Porroche, Roberto"]
[Black "Esteban Merino, Jorge"]
[Result "1-0"]
[WhiteElo "1670"]
[BlackElo "1290"]
[PlyCount "0"]
[WhiteTeam "Dr. Azua"]
[BlackTeam "Palacio De Pioneros D"]
[EventDate "2022.01.29"]

1. Nf3 d6 2. d4 g6 3. g3 Nf6 4. Bg2 Bg7 5. c4 O-O 6. O-O Nbd7 7. Nc3 Re8 8. e4
e5 9. d5 Nb6 10. Qd3 c6 11. a4 cxd5 12. cxd5 Nbd7 13. b4 a5 14. Ba3 b6 15. Nb5
axb4 16. Bxb4 Nc5 17. Bxc5 bxc5 18. Nd2 Ba6 19. Nc4 Bxb5 20. axb5 Rxa1 21. Rxa1
Re7 22. Ra6 Ne8 23. b6 Qc8 24. Qa3 Rb7 25. Na5 Rb8 26. Nc6 Rb7 27. Ra8 Qd7 28.
Qa6 Bh6 29. Rxe8+ Kg7 30. Re7 1-0

[Event "Cto de Aragon por Equipos – Preferente Grupo I"]
[Site ""]
[Date "2022.02.26"]
[Round "5.33"]
[White "Muro Guerrero, Miguel"]
[Black "Garcia Morales, Roberto"]
[Result "1/2-1/2"]
[WhiteElo "1906"]
[BlackElo "1980"]
[PlyCount "0"]
[WhiteTeam "Dr. Azua"]
[BlackTeam "Agrupacion B"]
[EventDate "2022.01.29"]

1. e4 e5 2. Nf3 Nc6 3. d4 exd4 4. Nxd4 Nxd4 5. Qxd4 Qf6 6. e5 Qb6 7. Qxb6 axb6
8. Nc3 Bb4 9. Bd2 Bxc3 10. Bxc3 Ne7 11. Bc4 O-O 12. O-O h5 13. Rad1 Nf5 14. a3
d6 15. Be2 dxe5 16. Bxh5 f6 17. Bf3 c6 18. Rd2 Be6 19. Rfd1 Rfe8 20. g3 Kf7 21.
Bg2 Ne7 22. Re2 Rad8 23. Rde1 Bc4 24. Re3 Rd7 25. Bh3 Rdd8 26. b3 Be6 27. Bxe6+
Kxe6 28. f4 Nd5 29. Rf3 Nxc3 30. Rxc3 Rd2 31. Rce3 Rxc2 32. fxe5 Rd8 33. exf6+
Kxf6 34. Re6+ Kf7 35. Re7+ Kf8 36. Rxb7 Rdd2 1/2-1/2

[Event "Cto de Aragon por Equipos – Preferente Grupo I"]
[Site ""]
[Date "2022.02.26"]
[Round "5.34"]
[White "Carruez Gracia, Eduardo"]
[Black "Garcia Garcia, Enrique"]
[Result "1-0"]
[WhiteElo "1934"]
[BlackElo "1788"]
[PlyCount "0"]
[WhiteTeam "Agrupacion B"]
[BlackTeam "Dr. Azua"]
[EventDate "2022.01.29"]

1. b3 e5 2. Bb2 Nc6 3. e3 Nf6 4. g4 d5 5. g5 Ne4 6. h4 f5 7. d3 Nd6 8. Nf3 Nf7
9. Rg1 d4 10. g6 hxg6 11. Rxg6 dxe3 12. fxe3 Rxh4 13. Nxh4 Qxh4+ 14. Kd2 f4 15.
Rg2 fxe3+ 16. Kc1 Bf5 17. a4 O-O-O 18. a5 e2 19. Bxe2 Nd4 20. Bg4 Qh6+ 21. Nd2
Kb8 22. a6 Be7 23. Bxd4 Bxg4 24. Bxa7+ Kxa7 25. axb7+ Kxb7 26. Qxg4 Qe3 27. Re2
Qd4 28. Qg2+ c6 29. Ra4 Qd5 30. Qxg7 Rd7 31. Qg1 Bc5 32. Qe1 Bd4 33. Ne4 Nd6
34. Nf6 Qe6 35. Nxd7 Qxd7 36. Rxd4 1-0

[Event "Cto de Aragon por Equipos – Preferente Grupo I"]
[Site ""]
[Date "2022.02.26"]
[Round "5.35"]
[White "Casas Castillero, Jose Antonio"]
[Black "Larrosa Poves, Jose Manuel"]
[Result "0-1"]
[WhiteElo "1719"]
[BlackElo "1912"]
[PlyCount "0"]
[WhiteTeam "Dr. Azua"]
[BlackTeam "Agrupacion B"]
[EventDate "2022.01.29"]

1. d4 d5 2. c4 e6 3. Nf3 c6 4. Nc3 dxc4 5. e3 b5 6. a4 Bb4 7. axb5 cxb5 8. Bd2
Bxc3 9. Bxc3 Bb7 10. Be2 a5 11. b3 b4 12. Bd2 c3 13. Bc1 Nf6 14. O-O O-O 15.
Qd3 Ba6 16. Qd1 Bxe2 17. Qxe2 Qd5 18. Qc2 Nbd7 19. Rd1 Rfc8 20. h3 a4 21. Rb1
a3 22. Re1 Qe4 23. Re2 Qxc2 24. Rxc2 Ne4 25. Ne1 f5 26. Nd3 Rab8 27. f3 Nef6
28. Kf2 Rb5 29. g4 h6 30. gxf5 exf5 31. Nf4 g5 32. Nd3 Kh7 33. Kg3 Nd5 34. e4
fxe4 35. fxe4 N5f6 36. e5 Nd5 37. h4 gxh4+ 38. Kxh4 Rg8 39. Re2 Re8 40. Nf4
Nxf4 41. Bxf4 Nf6 42. Rh1 Nd5 43. Bc1 Re6 44. Kg4 Ra5 45. Ra2 Rg6+ 46. Kf5 Ne7+
47. Ke4 {ilegible} 0-1

[Event "Cto de Aragon por Equipos – Preferente Grupo I"]
[Site ""]
[Date "2022.02.26"]
[Round "5.36"]
[White "Pedrol Aguila, Mario"]
[Black "Abenia Porroche, Roberto"]
[Result "1-0"]
[WhiteElo "1642"]
[BlackElo "1670"]
[PlyCount "0"]
[WhiteTeam "Agrupacion B"]
[BlackTeam "Dr. Azua"]
[EventDate "2022.01.29"]

1. e4 d6 2. d4 Nf6 3. Nc3 g6 4. Bc4 Bg7 5. f4 O-O 6. e5 Nfd7 7. e6 fxe6 8.
Bxe6+ Kh8 9. Ne4 Nb6 10. Ng5 Qe8 11. h4 Rf6 12. d5 Bxe6 13. dxe6 Qc6 14. Qe2
Nd5 15. h5 Nxf4 16. hxg6 Nxe2 17. Nf7+ Kg8 18. gxh7+ Kf8 19. h8=Q+ Bxh8 20.
Rxh8+ Kg7 21. Nxe2 Qxg2 22. Bh6+ Rxh6 23. Rxh6 Qd5 24. Rd1 Qa5+ 25. b4 Qxb4+
26. c3 Qe4 27. Rd4 Qg2 28. Rd3 Nc6 29. Rg3+ Qxg3+ 30. Nxg3 Ne5 31. Nf5+ Kg8 32.
Rh8# 1-0

[Event "Cto de Aragon por Equipos – Preferente Grupo I"]
[Site ""]
[Date "2022.02.26"]
[Round "5.37"]
[White "Dominguez Luzon, Fernando"]
[Black "Sanjuan Segura, Ignacio"]
[Result "1-0"]
[WhiteElo "1940"]
[BlackElo "1681"]
[PlyCount "0"]
[WhiteTeam "Delicias B"]
[BlackTeam "Palacio De Pioneros D"]
[EventDate "2022.01.29"]

1. e4 g6 2. d4 Bg7 3. Nf3 c6 4. Nc3 d5 5. Bd3 dxe4 6. Nxe4 Nd7 7. Qe2 Ndf6 8.
c3 Nxe4 9. Bxe4 Nf6 10. Bc2 O-O 11. Ne5 Nd7 12. O-O Nxe5 13. dxe5 a5 14. Bg5 a4
15. Rfe1 Be6 16. b4 Qc7 17. a3 b5 18. f4 Rfd8 19. Rad1 Rxd1 20. Rxd1 Rd8 21.
Rxd8+ Qxd8 22. Be4 Bc4 23. Qf3 Qd7 24. h3 f6 25. exf6 exf6 26. Bh4 Bd5 27. Bf2
f5 28. Bxd5+ cxd5 29. Bd4 Qe8 30. Qf1 Bxd4+ 31. cxd4 Qe3+ 32. Kh2 Qxd4 33. Qxb5
Qxf4+ 34. Kh1 d4 35. Qe8+ Kg7 36. Qe7+ Kh6 37. b5 d3 38. Qf8+ Kh5 39. g4+ Kh4
40. Qd8+ Qg5 41. Qxd3 Qc1+ 42. Kg2 Qb2+ 43. Kf3 Qb3 44. Ke3 f4+ 45. Ke2 Qxd3+
46. Kxd3 Kg3 47. b6 f3 48. b7 f2 49. b8=Q+ Kg2 50. Qb7+ Kg1 51. Qb6 1-0

[Event "Cto de Aragon por Equipos – Preferente Grupo I"]
[Site ""]
[Date "2022.02.26"]
[Round "5.38"]
[White "Insa Castillo, Jose Manuel"]
[Black "Garcia Lopez, Alberto Jose"]
[Result "1/2-1/2"]
[WhiteElo "1612"]
[BlackElo "1843"]
[PlyCount "0"]
[WhiteTeam "Palacio De Pioneros D"]
[BlackTeam "Delicias B"]
[EventDate "2022.01.29"]

1. d4 d6 2. Nc3 Nf6 3. e4 g6 4. Bf4 Bg7 5. Bd3 O-O 6. h4 Nh5 7. Be3 e5 8. dxe5
dxe5 9. Qd2 Be6 10. O-O-O c6 11. Kb1 b5 12. Nce2 Nd7 13. Nc1 Qe7 14. Nh3 Nb6
15. Ng5 Bc4 16. g4 Nf6 17. h5 Bxd3 18. cxd3 Nxg4 19. hxg6 hxg6 20. Rdg1 Nxe3
21. Qxe3 Rfd8 22. Nb3 Na4 23. Rh3 c5 24. Nc1 Rd4 25. Rgh1 Rb4 26. Nb3 c4 27.
Rh7 cxb3 28. a3 Rd4 29. Qh3 Qf6 30. Rxg7+ Qxg7 31. Ne6 fxe6 32. Qxe6+ Kf8 33.
Rh3 Rd7 34. Rg3 Qf7 35. Qh3 Ke7 36. Rf3 Qe6 37. Qh4+ Kd6 38. Rf6 Rad8 39. d4
exd4 40. Qg3+ Ke7 41. Rxe6+ Kxe6 42. Qxg6+ Ke7 1/2-1/2

[Event "Cto de Aragon por Equipos – Preferente Grupo I"]
[Site ""]
[Date "2022.02.26"]
[Round "5.39"]
[White "Gaspar Calvo, Luis Alberto"]
[Black "Campana Valencia, Lidia"]
[Result "1-0"]
[WhiteElo "1835"]
[BlackElo "1560"]
[PlyCount "0"]
[WhiteTeam "Delicias B"]
[BlackTeam "Palacio De Pioneros D"]
[EventDate "2022.01.29"]

1. c4 c5 2. Nc3 Nc6 3. g3 g6 4. Bg2 Bg7 5. a3 d6 6. Rb1 e6 7. b4 Nge7 8. bxc5
dxc5 9. Bb2 O-O 10. Nf3 b6 11. O-O Bb7 12. d3 Qd7 13. Nb5 e5 14. Ne1 Nd4 15.
Nxd4 exd4 16. Bxb7 Qxb7 17. e4 dxe3 18. fxe3 Nf5 19. Rxf5 gxf5 20. Bxg7 Kxg7
21. Qh5 Qe7 22. Ng2 Qf6 23. Nh4 Kh8 24. Rf1 Qe6 25. Nxf5 Rad8 26. d4 cxd4 27.
exd4 Qxc4 28. Qg5 1-0

[Event "Cto de Aragon por Equipos – Preferente Grupo I"]
[Site ""]
[Date "2022.02.26"]
[Round "5.40"]
[White "Herranz Gracia, Diego"]
[Black "Jarabo Marin, Pablo"]
[Result "1/2-1/2"]
[WhiteElo "1460"]
[BlackElo "1309"]
[PlyCount "0"]
[WhiteTeam "Palacio De Pioneros D"]
[BlackTeam "Delicias B"]
[EventDate "2022.01.29"]


1. d4 d5 2. Bf4 Nf6 3. e3 a6 4. Nf3 Bf5 5. c4 e6 6. Qb3 b6 7. Nc3 Be7 8. Rc1
O-O 9. Ne5 c5 10. cxd5 exd5 11. dxc5 bxc5 12. Qb7 Nbd7 13. Nc6 Qe8 14. Nxe7+
Qxe7 15. Nxd5 Nxd5 16. Qxd5 Be6 17. Qd2 Qf6 18. Bc4 Rfd8 19. Bxe6 Qxe6 20. Rd1
Nf8 21. Qa5 Rxd1+ 22. Kxd1 Qg4+ 23. Kc1 Qxg2 24. Qe1 Qd5 1/2-1/2

[Event "Cto de Aragon por Equipos – Preferente Grupo I"]
[Site ""]
[Date "2022.02.26"]
[Round "5.41"]
[White "Planas Torrea, Francisco Javier"]
[Black "Malo Guillen, Jose Luis"]
[Result "1/2-1/2"]
[WhiteElo "2076"]
[BlackElo "2118"]
[PlyCount "0"]
[WhiteTeam "Ejea"]
[BlackTeam "Las Fuentes"]
[EventDate "2022.01.29"]

1. e4 e5 2. Nf3 Nc6 3. Bc4 Bc5 4. c3 Nf6 5. d3 d6 6. h3 a6 7. Nbd2 Ba7 8. Nf1
Na5 9. Bb3 Nxb3 10. axb3 h6 11. Ng3 O-O 12. O-O Be6 13. b4 c6 14. Qe2 Re8 15.
Nh4 Nxe4 16. Nxe4 Qxh4 17. Nxd6 Bxh3 18. Qf3 Re6 19. Qxf7+ Kh8 20. Nf5 Bxf5 21.
Qxf5 Rf6 22. Qh3 Bxf2+ 23. Kh1 Raf8

[Event "Cto de Aragon por Equipos – Preferente Grupo I"]
[Site ""]
[Date "2022.02.26"]
[Round "5.42"]
[White "Montes Santos, Lorenzo"]
[Black "Merin Flores, Miguel Angel"]
[Result "1/2-1/2"]
[WhiteElo "2048"]
[BlackElo "1710"]
[PlyCount "0"]
[WhiteTeam "Las Fuentes"]
[BlackTeam "Ejea"]
[EventDate "2022.01.29"]

1. Nf3 d5 2. c4 e6 3. g3 Nf6 4. Bg2 Bb4 5. cxd5 exd5 6. Qa4+ Nc6 7. O-O O-O 8.
a3 Bd6 9. Nc3 Bd7 10. Qh4 Re8 11. d3 Be7 12. Qf4 Bd6 13. Qh4 Be7 14. Qf4 Bd6
15. Qh4 Be7 16. Qf4 Bd6 1/2-1/2

[Event "Cto de Aragon por Equipos – Preferente Grupo I"]
[Site ""]
[Date "2022.02.26"]
[Round "5.43"]
[White "Galvez Longas, Isaac"]
[Black "Matamoros Villarreal, Antonio"]
[Result "0-1"]
[WhiteElo "1702"]
[BlackElo "1883"]
[PlyCount "0"]
[WhiteTeam "Ejea"]
[BlackTeam "Las Fuentes"]
[EventDate "2022.01.29"]

1. d4 Nf6 2. Bf4 d5 3. e3 c5 4. c3 Nc6 5. dxc5 e5 6. Bg5 Bxc5 7. Bxf6 gxf6 8.
Bb5 Be6 9. Ne2 Qb6 10. Bxc6+ bxc6 11. b4 Be7 12. Nd2 a5 13. a3 O-O 14. O-O f5
15. Nb3 axb4 16. axb4 Rxa1 17. Nxa1 c5 18. Nc2 cxb4 19. Nxb4 Bxb4 20. cxb4 Qxb4
21. Qa1 f6 22. Rb1 Qc4 23. Ng3 Rc8 24. h3 f4 25. exf4 Qxf4 26. Qa6 Rc1+ 27.
Rxc1 Qxc1+ 28. Kh2 Qc8 29. Nh5 1-0

[Event "Cto de Aragon por Equipos – Preferente Grupo I"]
[Site ""]
[Date "2022.02.26"]
[Round "5.45"]
[White "Carraminana Lopez, Luis Antonio"]
[Black "Antonano Fernandez - Quincoces, Avelino"]
[Result "0-1"]
[WhiteElo "1910"]
[BlackElo "2024"]
[PlyCount "0"]
[WhiteTeam "Helios B"]
[BlackTeam "MyInvestor Casablanca B"]
[EventDate "2022.01.29"]

1. e4 c5 2. Nf3 g6 3. d4 cxd4 4. Qxd4 Nf6 5. e5 Nc6 6. Qa4 Nd5 7. Qe4 Nc7 8.
Nc3 Bg7 9. Bf4 O-O 10. O-O-O b5 11. h4 b4 12. Nd5 Nxd5 13. Qxd5 e6 14. Qc5 f6
15. Bc4 Qb6 16. Qxb6 axb6 17. exf6 Bxf6 18. Bd6 Be7 19. h5 g5 20. Bb5 Rxa2 21.
Kb1 Ra7 22. Bxe7 Nxe7 23. Nxg5 Rf5 24. Nxh7 Rxb5 25. Nf6+ Kh8 26. Rh4 Rba5 27.
Kc1 Rf5 28. Ng4 Ra1+ 0-1

[Event "Cto de Aragon por Equipos – Preferente Grupo I"]
[Site ""]
[Date "2022.02.26"]
[Round "5.46"]
[White "Ayensa Garcia, Miguel Angel"]
[Black "Lorente Melcon, Maximo"]
[Result "1/2-1/2"]
[WhiteElo "1918"]
[BlackElo "1858"]
[PlyCount "0"]
[WhiteTeam "MyInvestor Casablanca B"]
[BlackTeam "Helios B"]
[EventDate "2022.01.29"]

1. c4 e5 2. Nc3 Nc6 3. Nf3 g6 4. d4 exd4 5. Nxd4 Bg7 6. Nc2 Nge7 7. e4 h6 8.
Be2 O-O 9. g4 d6 10. Rg1 Re8 11. Be3 a5 12. h4 Kh7 13. g5 h5 14. f4 Nb4 15. Nd4
Nf5 16. Nxf5 Bxf5 17. Qd2 Bxe4 18. Nxe4 Rxe4 19. a3 Rxe3 20. axb4 Rb3 21. f5
Rxb2 22. Qd3 axb4 23. Rxa8 Qxa8 24. f6 Bf8 25. Bxh5 Qa3 26. Be2 Qxd3 27. Bxd3
Rh2 28. Rg4 b3 29. Re4 d5 30. Re7 Kg8 31. cxd5 b2 32. Rxc7 b1=Q+ 33. Bxb1 Rh1+
34. Ke2 Rxb1 35. Re7 Rb4 36. d6 Rd4 37. Rxb7 Rxd6 38. Rb8 Rd4 39. Kf3 Rxh4 40.
Kg3 Rb4 41. Rc8 Rb1 42. Kf3 Rh1 43. Kg4 Rh8 44. Ra8 Kh7 45. Ra7 Kg8 46. Ra8 Rh1
47. Kf4 Rh4+ 48. Kg3 Rb4 49. Rc8 Rb5 50. Kg4 Ra5 51. Rb8 Ra4+ 52. Kg3 Rb4 53.
Rc8 Rb1 54. Kg4 Rh1 55. Ra8 Rh5 56. Rb8 Rh8 57. Rb7 Rh1 58. Rb8 Rg1+ 59. Kf4
Rf1+ 60. Kg4 Rh1 61. Ra8 Rh8 62. Rb8 Rh1 63. Ra8 1/2-1/2

[Event "Cto de Aragon por Equipos – Preferente Grupo I"]
[Site ""]
[Date "2022.02.26"]
[Round "5.47"]
[White "Anson Casaos, Alejandro"]
[Black "Torres Montes, Juan"]
[Result "1-0"]
[WhiteElo "1799"]
[BlackElo "1543"]
[PlyCount "0"]
[WhiteTeam "Helios B"]
[BlackTeam "MyInvestor Casablanca B"]
[EventDate "2022.01.29"]

1. f4 d6 2. Nf3 g6 3. e3 Bg7 4. c4 Nd7 5. Be2 e6 6. O-O Ne7 7. Nc3 b6 8. Qc2
Bb7 9. b3 O-O 10. Bb2 e5 11. fxe5 dxe5 12. e4 Nc6 13. Nd5 Nd4 14. Nxd4 exd4 15.
d3 c6 16. Nf4 g5 17. Nh5 Be5 18. Bg4 Nf6 19. Nxf6+ Bxf6 20. Qe2 Be5 21. Bf5 Bc8
22. Rae1 c5 23. Bc1 Bxf5 24. Rxf5 f6 25. Ref1 Qd6 26. Qh5 Rae8 27. h4 gxh4 28.
Bh6 Rf7 29. Rg5+

[Event "Cto de Aragon por Equipos – Preferente Grupo I"]
[Site ""]
[Date "2022.02.26"]
[Round "5.48"]
[White "Lazaro Abadias, Andres"]
[Black "Lacamara Pasamar, Miguel"]
[Result "1/2-1/2"]
[WhiteElo "1526"]
[BlackElo "1769"]
[PlyCount "0"]
[WhiteTeam "MyInvestor Casablanca B"]
[BlackTeam "Helios B"]
[EventDate "2022.01.29"]

1. c4 e5 2. Nc3 Nc6 3. Nf3 f5 4. d4 e4 5. d5 exf3 6. dxc6 fxg2 7. cxd7+ Qxd7 8.
Qxd7+ Bxd7 9. Bxg2 O-O-O 10. Bg5 Re8 11. O-O-O h6 12. Be3 Nf6 13. Bd4 Ne4 14.
Nxe4 fxe4 15. f4 Bg4 16. Be5 Rg8 17. Bxe4 Bd6 18. Bf3 Bxf3 19. exf3 Bxe5 20.
fxe5 Rxe5 21. Rhg1 g5 22. h4 Rf8 23. hxg5 hxg5 24. Rg3 1/2-1/2

[Event "Cto de Aragon por Equipos – Preferente Grupo I"]
[Site ""]
[Date "2022.02.26"]
[Round "5.49"]
[White "Dominguez Bujeda, Jesus"]
[Black "Garcia Monterde, Francisco Jose"]
[Result "1-0"]
[WhiteElo "2083"]
[BlackElo "1801"]
[PlyCount "0"]
[WhiteTeam "Teruel"]
[BlackTeam "IberCaja B"]
[EventDate "2022.01.29"]

1. d4 Nf6 2. c4 c5 3. d5 b5 4. cxb5 a6 5. b6 Qxb6 6. Nc3 d6 7. e4 g6 8. Be2 Bg7 9. 
Nf3 Bg4 10. Nd2 Bxe2 11. Qxe2 0-0 12. 0-0 Nbd7 13. Nc4 Qb7 14. a4 a5 15. Bg5 Nb6 
16. Na3 Rfe8 17. Rad1 Nfd7 18. Nab5 Rab8 19. b3 c4 20. bxc4 Rbc8 21. Nd4 Rxc4 22. 
Ncb5 Rxa4 23. Nc6 Nc5 24. f3 h6 25. Bh4 g5 26. Bf2 Ncd7 27. Rb1 Kf8 28. Rfc1 Rc8 
29. Nba7 Ra8 30. Qb5 Rb4 31. Nxb4 Rxa7 32. Nc6 Ra6 33. Nxa5 Qa8 34. Nc4 Nxc4 35. 
Qxd7 Ra1 36. Rxa1 Bxa1 37. Rxc4 Qa2 38. Rc1 Be5 39. Qd8+ Kg7 40. Qxe7 Qd2 41. Rf1 
Qe2 42. g3  1-0

[Event "Cto de Aragon por Equipos – Preferente Grupo I"]
[Site ""]
[Date "2022.02.26"]
[Round "5.50"]
[White "Garcia Acin, Pablo"]
[Black "Gomez Calomarde, Saul"]
[Result "0-1"]
[WhiteElo "1757"]
[BlackElo "2023"]
[PlyCount "0"]
[WhiteTeam "IberCaja B"]
[BlackTeam "Teruel"]
[EventDate "2022.01.29"]

1. e4 c5 2. Nf3 g6 3. d4 cxd4 4. Nxd4 Bg7 5. c4 Nc6 6. Nc2 Nf6 7. Nc3 d6 8. Be2 0-0 
9. 0-0 a5 10. Bg5 a4 11. Qd2 Qa5 12. Kh1 Be6 13. f4 Rfc8 14. Ne3 a3 15. b3 Nd5 16. 
Nexd5 Bxd5 17. Qxd5 Bxc3 18. Bg4 Rc7 19. Qd1 Bxa1 20. Qxa1 Qd2 21. Bh4 b5 22. Rf2 
Qd4 23. Qc1 bxc4 24. f5 Ne5 25. Be2 Qxe4 26. Bg3 Nd3 27. Bxd3 cxd3 28. Qd1 Rac8 
 0-1

[Event "Cto de Aragon por Equipos - Preferente Grupo II"]
[Site ""]
[Date "2022.02.05"]
[Round "2.53"]
[White "Ruiz Fernandez, Daniel"]
[Black "Campo Pelegrin, Ramon"]
[Result "1-0"]
[WhiteElo "1803"]
[BlackElo "1787"]
[PlyCount "0"]
[WhiteTeam "MyInvestor Casablanca C"]
[BlackTeam "Enroque de Barbastro"]
[EventDate "2022.01.29"]

1. e4 e5 2. Nf3 Nc6 3. Nc3 Bc5 4. Nxe5 Bxf2+ 5. Kxf2 Nxe5 6. d4 Ng6 7. Bc4 d6
8. Qf3 Be6 9. Bxe6 fxe6 10. Rf1 N8e7 11. Kg1 Rf8 12. Qh3 Rxf1+ 13. Kxf1 Nf8 14.
Be3 Neg6 15. Kg1 Qd7 16. Rf1 O-O-O 17. a4 h6 18. Qg4 a6 19. b4 e5 20. Qxd7+
Nxd7 21. Rf7 Rg8 22. d5 Kd8 23. Ne2 Ke8 24. Rf1 Nf6 25. Ng3 Ne7 26. b5 axb5 27.
axb5 b6 28. Ra1 Kd7 29. Ra7 Rb8 30. c4 Ng4 31. Bd2 Rf8 32. h3 Nf2 33. Be3 Nc8
34. Ra3 Nd1 35. Bc1 Nf2 36. Bd2 Ne7 37. Be1 Nd1 38. Rb3 Rf4 39. Rb1 Ne3 40. Rc1
h5 41. Bd2 h4 42. Ne2 Rxe4 43. Nc3 Rxc4 44. Bxe3 Nf5 45. Kf2 Nxe3 46. Kxe3 g5
47. Kd3 Rf4 48. Ne4 Rf5 49. Rc2 Rf4 50. Rf2 Ke7 51. Rxf4 gxf4 52. Ke2 Kf7 53.
Kf3 Ke7 54. Kg4 c6 55. bxc6 b5 56. c7 Kd7 57. Nxd6 Kxc7 58. Nxb5+ Kb6 59. d6
1-0

[Event "Cto de Aragon por Equipos - Preferente Grupo II"]
[Site ""]
[Date "2022.02.05"]
[Round "2.54"]
[White "Delgado Pascual, Hugo"]
[Black "Bello Cera, Raul"]
[Result "1-0"]
[WhiteElo "1704"]
[BlackElo "1641"]
[PlyCount "0"]
[WhiteTeam "Enroque de Barbastro"]
[BlackTeam "MyInvestor Casablanca C"]
[EventDate "2022.01.29"]

1. e4 e5 2. Nf3 Nc6 3. Bb5 a6 4. Bxc6 dxc6 5. O-O Bd6 6. d4 exd4 7. Qxd4 f6 8.
Rd1 Ne7 9. Bf4 c5 10. Qd2 Nc6 11. Bxd6 Qxd6 12. Qxd6 cxd6 13. Rxd6 Ke7 14. Rd2
Bg4 15. Ne1 Rad8 16. Rxd8 Rxd8 17. f3 Be6 18. Nc3 Rd2 19. a3 Nd4 20. Rd1 Rxd1
21. Nxd1 Kd6 22. Ne3 b5 23. c3 Nc6 24. Nd3 g6 25. Nf4 Ne7 26. Nxe6 Kxe6 27. Kf2
c4 28. Nc2 Nc6 29. Ke3 Ne5 30. Nb4 Nd3 31. Nxd3 1-0

[Event "Cto de Aragon por Equipos - Preferente Grupo II"]
[Site ""]
[Date "2022.02.05"]
[Round "2.55"]
[White "Perez Bono, Marti"]
[Black "Jimenez Azlor, Hugo"]
[Result "0-1"]
[WhiteElo "1202"]
[BlackElo "1554"]
[PlyCount "0"]
[WhiteTeam "MyInvestor Casablanca C"]
[BlackTeam "Enroque de Barbastro"]
[EventDate "2022.01.29"]

1. Nf3 c5 2. b3 d6 3. e3 Bg4 4. Bb2 Nd7 5. Be2 Ngf6 6. c4 e6 7. Nc3 Be7 8. d4
cxd4 9. exd4 a6 10. a4 Qa5 11. O-O O-O 12. Ng5 Bxe2 13. Qxe2 Qb6 14. Qd1 Qc6
15. Qe2 Rfe8 16. Nge4 d5 17. Nd2 Bb4 18. c5 b6 19. Na2 Bxd2 20. Qxd2 bxc5 21.
dxc5 Qxc5 22. Rac1 Ne4 23. Qf4 Qb6 24. Qg4 Nef6 25. Qd1 a5 26. Bd4 Qb7 27. Nc3
e5 28. Nb5 exd4 29. Nd6 Qb4 30. Nxe8 Rxe8 31. Re1 Rxe1+ 32. Qxe1 Qxe1+ 33. Rxe1
Nc5 34. Rc1 Nfd7 35. Rb1 d3 36. Kf1 Ne4 37. Ke1 d2+ 38. Kf1 Nc3 39. Ra1 d1=Q+
40. Rxd1 Nxd1 0-1

[Event "Cto de Aragon por Equipos - Preferente Grupo II"]
[Site ""]
[Date "2022.02.05"]
[Round "2.56"]
[White "Carrera Angulo, Nicolas"]
[Black "Perez Artigues, Ramon"]
[Result "1-0"]
[WhiteElo "1472"]
[BlackElo "1145"]
[PlyCount "0"]
[WhiteTeam "Enroque de Barbastro"]
[BlackTeam "MyInvestor Casablanca C"]
[EventDate "2022.01.29"]

1. e4 c5 2. Nf3 d6 3. d4 cxd4 4. Nxd4 Nf6 5. Nc3 a6 6. Be3 e5 7. Nb3 Be6 8. f3
Be7 9. Qd2 O-O 10. O-O-O Nbd7 11. h4 a5 12. Kb1 Qc7 13. g4 a4 14. Nc1 a3 15. b3
h5 16. g5 Nh7 17. Nd5 Bxd5 18. exd5 g6 19. c4 Rfc8 20. Bh3 b5 21. Bf1 bxc4 22.
Bxc4 Rab8 23. Ka1 Bf8 24. Ne2 Bg7 25. Nc3 Nc5 26. f4 exf4 27. Bd4 f3 28. Bxg7
Kxg7 29. Qd4+ Kg8 30. Ne4 Nf8 31. Nf6+ Kh8 32. Ne8+ Kh7 33. Qg7# 1-0

[Event "Cto de Aragon por Equipos - Preferente Grupo II"]
[Site ""]
[Date "2022.02.05"]
[Round "2.57"]
[White "Iglesias Fernandez, Luis"]
[Black "Vallverdu Miret, Oscar"]
[Result "0-1"]
[WhiteElo "1856"]
[BlackElo "2111"]
[PlyCount "0"]
[WhiteTeam "Palacio De Pioneros C"]
[BlackTeam "Fraga"]
[EventDate "2022.01.29"]

1. d4 Nf6 2. Nf3 d5 3. e3 e6 4. Bd3 Be7 5. O-O O-O 6. Nbd2 Nbd7 7. b3 b6 8. Bb2
Bb7 9. Ne5 Ne4 10. f3 Nxe5 11. dxe5 Nc5 12. f4 Ne4 13. Rf3 f5 14. Rh3 g6 15.
Nf3 c5 16. Qe1 Rc8 17. c4 Qe8 18. Bxe4 dxe4 19. Ng5 Bxg5 20. fxg5 Qe7 21. Rd1
Rcd8 22. Rd6 Rd7 23. Rh4 Rfd8 24. Qd2 Rxd6 25. exd6 Qxd6 26. Qxd6 Rxd6 27. Rf4
Rd3 28. Bc1 Bc6 29. Rf2 Kf7 30. Rc2 a5 31. Kf2 e5 32. Rd2 Ke6 33. g3 a4 34. Ke2
axb3 35. Rxd3 exd3+ 36. Kxd3 bxa2 37. Bb2 Bg2 38. Kc2 Bf1 39. Kb3 Be2 40. Bc3
f4 41. gxf4 exf4 42. exf4 Kf5 43. Be5 Ke4 44. Kxa2 Bxc4+ 45. Kb2 b5 46. Kc3 Kd5
47. h4 Be2 48. Kd2 Bg4 49. Kc3 b4+ 50. Kb2 c4 51. Bf6 Kc5 52. Be7+ Kb5 53. Bd6
c3+ 54. Kc2 Kc4 0-1